00386nam a22001217a 4500020001800000040000900018082001500027100005500042110002700097245005900124260003300183650004800216 a9789811561351 cNUST a005.7bQAM aQAMAR, USMAN  aRAZA, MUHAMMAD SUMMAIR aData Science Concepts and Techniques with Applications aSINGAPORE:bSpringer,c2020. aIntroduction.- Applications of Data Science